000 00688nam0a22002411 4500
001 rc\273191
005 20250621005811.0
035 _a(NLR Aleph) 005487883
090 _a5175970
_c5175970
100 _a20030307d1990 |||y0rusy50 ca
101 0 _arus
102 _aRU
105 _ay |||||||||
200 1 _aГолубые врата
_eОчерки
210 _aМ.
_cПравда
_d1990
215 _a46, [2] с.
_d17
225 1 _aБиблиотека "Огонек"
_v№ 2
700 1 _aЛесневский
_bС.С.
_f1930-
_gСтанислав Стефанович
801 0 _aRU
_bNLR
_gpsbo
801 1 _aRU
_bELAR
_2rusmarc
852 _aNLR
_j89-2/3907
942 _cBOOK
980 _aNB